| 000 | 00582nmc a2200229 a 4500 | ||
|---|---|---|---|
| 003 | AR-BaBNM | ||
| 005 | 20251128211048.0 | ||
| 008 | 146020s2001 ||||||||||||||000 | spa|| | ||
| 020 | _a84-480-1801-X | ||
| 040 | _cAR-BaBNM | ||
| 100 | 1 | _aKünzler-Behncke, Rosemarie | |
| 245 | 1 | 0 | _aKlaus va a la escuela |
| 260 |
_aBarcelona _bTimun Mas _c2001 |
||
| 300 | 0 | _a[ca. 20 p.] | |
| 490 | 0 | _aDibucuentos | |
| 650 | 4 | _aLITERATURA INFANTIL | |
| 650 | 4 | _aLIBROS PARA NINOS | |
| 655 | _aLITERATURA | ||
| 700 | 1 |
_aGeisler, Dagmar _eilustrador |
|
| 942 | _cBK | ||
| 998 | _cme-solo cat | ||
| 999 |
_c18059 _d18059 |
||